000 00916nam a22003017a 4500
001 BR9804354
003 BR-BrBNA
005 20230928095959.0
007 ta
008 230509b bl.||||| |||| 00| 0 por d
040 _aBR-BrBNA
_bpor
_cBiblioteca Nacional de Agricultura
041 _a(Por)
072 _aE20; C20
090 _ E20 BR9804354
100 1 _aResende, R.B.
100 1 _aCandido, M. da S.
100 1 _aFerreira, J.L.L.
110 1 _aServico Brasileiro de Apoio as Micro e Pequenas Empresas, Brasilia, DF (Brasil)
245 1 _aQT rural: manual do empresario rural; melhoria de processos; Programa SEBRAE de Qualidade Total Rural
_bSerie Agronegocios
260 3 _aBrasilia, DF (Brasil):
_c1998.
300 _a109 p.
650 _aEmpresa Rural
650 _aAgribusiness
650 _aQualidade
650 _aExtensao Rural
909 _a202309
_bLucia
_c55
_dLucia Elande
942 _cBK
999 _c59720
_d59720